logo

Bir Sreshtho Munshi Abdur Rouf Library
Jhenaidah Cadet College

High School English Grammar and Composition / (Record no. 5031)

MARC details
000 -LEADER
fixed length control field 00634nam a2200241 a 4500
001 - CONTROL NUMBER
JCCL Control Number 5031
003 - CONTROL NUMBER IDENTIFIER
JCCL marc code BD-JhCC
005 - DATE AND TIME OF LATEST TRANSACTION
control field 20180305163819.0
008 - FIXED-LENGTH DATA ELEMENTS--GENERAL INFORMATION
fixed length control field 171207s19361995ii |||| || | 000 0 eng d
035 ## - SYSTEM CONTROL NUMBER
system control number (BD-JhCC)5031
040 ## - CATALOGING SOURCE
Original cataloging agency BD-JhCC
Modifying agency BD-JhCC
041 ## - LANGUAGE CODE
Language code of Book eng
082 ## - DEWEY DECIMAL CLASSIFICATION NUMBER
Classification number 425
Author mark and Year WRE 1995
100 ## - MAIN ENTRY--PERSONAL NAME
Personal name Wren, P. C.
245 ## - TITLE STATEMENT
Title High School English Grammar and Composition /
Statement of responsibility, etc P. C. Wren, H Martin,
260 ## - PUBLICATION, DISTRIBUTION, ETC. (IMPRINT)
Place of publication, distribution, etc New Delhi :
Name of publisher, distributor, etc S. Chand & Company Ltd.
Date of publication, distribution, etc 1995.
300 ## - PHYSICAL DESCRIPTION
Pagination 419 p. :
Dimensions 26 cm.
650 ## - SUBJECT ADDED ENTRY--TOPICAL TERM
Topical term or geographic name as entry element English Language
700 ## - ADDED ENTRY--PERSONAL NAME
Personal name Martin, H
700 ## - ADDED ENTRY--PERSONAL NAME
Personal name Rao, Prasada N.D.V.
942 ## - ADDED ENTRY ELEMENTS (KOHA)
Source of classification or shelving scheme Dewey Decimal Classification
Koha item type Books
Holdings
Source of classification or shelving scheme Damaged status Not for loan Home library Current library Shelving location Date of accession Cost, normal purchase price Total Checkouts Full call number Barcode Date last seen Copy number Koha item type Date checked out Method of acquisition Currency
Dewey Decimal Classification     JCC Rouf Library JCC Rouf Library General Stacks 12/07/2017 60.00   425 WRE 1995 6981 12/07/2017 C-1 Books      
Dewey Decimal Classification     JCC Rouf Library JCC Rouf Library General Stacks       425 WRE 1995 7893 01/17/2018 C - 2 Books      
Dewey Decimal Classification     JCC Rouf Library JCC Rouf Library General Stacks 08/10/2025   1 425 WRE 1995 8654 02/03/2026 C - 3 Books 08/10/2025    
Dewey Decimal Classification     JCC Rouf Library JCC Rouf Library General Stacks 03/05/2018 90.00   425 WRE 1995 11442 03/05/2018 C-4 Books      
Dewey Decimal Classification     JCC Rouf Library JCC Rouf Library General Stacks 03/05/2018 90.00   425 WRE 1995 11571 03/05/2018 C-5 Books      
Dewey Decimal Classification     JCC Rouf Library JCC Rouf Library General Stacks 03/05/2018 90.00   425 WRE 1995 11723 03/05/2018 C-6 Books      
Dewey Decimal Classification     JCC Rouf Library JCC Rouf Library General Stacks 06/07/2023 680.00 2 425 WRE 1995 17132 09/18/2024 C-7 Books 09/16/2024 Purchase BDT

JCC Library | Contacts | JCC Home

Last Update on 23 September 2017
Copyright @ 2017-2020 JCC Rouf Library
Rouf Library, Jhenidah Cadet College (JCC), Bangladesh